| 000 | 00756nam a2200253 i 4500 | ||
|---|---|---|---|
| 001 | 000031774 | ||
| 003 | DO-SdBNP | ||
| 005 | 20260321073642.0 | ||
| 007 | ta | ||
| 008 | 110701n19-- dr 000 j spa d | ||
| 040 |
_aDO-SdBNP _bspa _cBNPHU _erda |
||
| 049 | _aBNPD | ||
| 082 | 4 |
_bB742n _222 |
|
| 100 | 1 |
_a Bosch, Juan, _d1909-2001 _eautor _976555 |
|
| 245 | 1 | 3 |
_aLa nochebuena de Encarnación Mendoza / _cJuan Bosch. |
| 264 |
_alugar no identificado : _beditor no identificado, _c19-?. |
||
| 300 |
_a16 páginas ; _c21 cm. |
||
| 336 |
_2rdaconent _atexto _btxt |
||
| 337 |
_2rdamedia _asin mediación _bn |
||
| 338 |
_2rdacarrier _avolumen _bnc |
||
| 500 | _aIncluye biografía de Juan Bosch. | ||
| 590 | _aInventariado, 2024/BT | ||
| 942 |
_2ddc _cLBS1 |
||
| 999 |
_c31266 _d31266 |
||